| 000 | 00485nam a22001697a 4500 | ||
|---|---|---|---|
| 003 | CEME | ||
| 005 | 20210628202835.0 | ||
| 008 | 210118b xxu||||| |||| 00| 0 eng d | ||
| 040 | _cceme | ||
| 082 | _a515.353 PAR | ||
| 100 |
_aMathworks _961905 |
||
| 245 | _aPartial differential equation toolbox, for use with matlab | ||
| 260 |
_aUSA _bTHE MATH WORKS _c2006 |
||
| 300 | _aVII300 P | ||
| 650 |
_aPARTIAL DIFFERENTIAL EQUATION TOOLBOX FOR USE WITH MATLAB _961906 |
||
| 942 |
_cBK _2ddc |
||
| 999 |
_c571194 _d571194 |
||